A brief outline of the campaign in Mesopotamia, 1914-1918, (Record no. 552199)
[ view plain ]
| 000 -LEADER | |
|---|---|
| fixed length control field | 00529cam a22001451 4500 |
| 082 ## - DEWEY DECIMAL CLASSIFICATION NUMBER | |
| Classification number | 940.4009567 |
| Author Mark | EVA |
| 100 1# - MAIN ENTRY--PERSONAL NAME | |
| Personal name | Evans, Roger, |
| 9 (RLIN) | 49386 |
| 245 02 - TITLE STATEMENT | |
| Title | A brief outline of the campaign in Mesopotamia, 1914-1918, |
| Statement of responsibility, etc. | by Major (temp. Lt. Col.) R. Evans... |
| 260 ## - PUBLICATION, DISTRIBUTION, ETC. | |
| Place of publication, distribution, etc. | London, |
| Name of publisher, distributor, etc. | Sifton, Praed & co., ltd., |
| Date of publication, distribution, etc. | 1935 |
| 300 ## - PHYSICAL DESCRIPTION | |
| Extent | 151 p. |
| Other physical details | 4 fold. maps (in pocket) fold. tables |
| Dimensions | 23 cm. |
| 526 ## - STUDY PROGRAM INFORMATION NOTE | |
| Program name | 0 |
| Interest level | 0 |
| Reading level | 0 |
| Title point value | 940_400956700000000_EVA |
| 650 #0 - SUBJECT ADDED ENTRY--TOPICAL TERM | |
| Topical term or geographic name entry element | MCE |
| 9 (RLIN) | 379 |
| 650 #0 - SUBJECT ADDED ENTRY--TOPICAL TERM | |
| Topical term or geographic name entry element | World War, 1914-1918 |
| General subdivision | Campaigns |
| Geographic subdivision | Iraq. |
| 9 (RLIN) | 49387 |
| 942 ## - ADDED ENTRY ELEMENTS (KOHA) | |
| Source of classification or shelving scheme | |
| Koha item type | Book |
| Withdrawn status | Lost status | Source of classification or shelving scheme | Damaged status | Not for loan | Permanent Location | Current Location | Shelving location | Date acquired | Total Checkouts | Full call number | Barcode | Date last seen | Price effective from | Koha item type |
|---|---|---|---|---|---|---|---|---|---|---|---|---|---|---|
| Military College of Engineering (MCE) | Military College of Engineering (MCE) | 01/12/2015 | 940.4009567 EVA | MCE-ECB/46.2 | 01/12/2015 | 01/12/2015 | Book |
